00595nam a2200181Ia 4500008004100000020000700041082001500048100002400063245006500087250001300152260003800165300001600203600003300219650002600252942000800278952011000286999001700396241115s9999 xx 000 0 und d aNA a954.91 SAR aSarwar, Gul Shahzad 0aPakistan Studies: an analytical approach to Pakistan affairs a17th ed. aKarachi:bRehbar Publisher,c2005 axxiii,447p. aHumanities & Natural Science aHistory and Geography cBBD 001040708BB-HUMaUITUbUITUd2005-11-29eF.B.Cg55.00l0pBB1284r2024-11-15 09:47:27w0000-00-00yBBD c25777d25777